Group theory, Beijing 1984 : proceedings of an international symposium held in Beijing, Aug. 27-Sep. 8, 1984

Saved in:
Bibliographic Details
Other Authors: Duan, Xuefu (Editor)
Format: Book
Language:English
Published: Berlin : Springer-Verlag, c1986.
Series:Lecture notes in mathematics (Springer-Verlag) ; 1185
Subjects:
Tags: Add Tag
No Tags, Be the first to tag this record!

MARC

LEADER 00000cam a2200000 i 4500
001 1/63631
008 941103s1986####gr | ||| |||| ||eng||
020 |a 3540164561 
035 |a 1993  |l 10046822 
040 |a GR-MyUA  |b gre  |e AACR2 
041 0 |a eng 
082 0 |a 512.2  
245 1 0 |a Group theory, Beijing 1984 :   |b proceedings of an international symposium held in Beijing, Aug. 27-Sep. 8, 1984 /   |c edited by Tuan Hsio-Fu.  
260 |a Berlin :   |b Springer-Verlag,   |c c1986.  
300 |a iv, 403 σ. ;   |c 25 εκ.  
490 1 |a (Lecture notes in mathematics (Springer-Verlag)   |v ; 1185)  
504 |a Περιέχει βιβλιογραφιά.  
650 0 0 |a Group theory  |x Congresses. 
700 1 |a Duan, Xuefu,  |e edt 
830 0 |a Lecture notes in mathematics (Springer-Verlag)  |v  ; 1185 
852 |a INST  |b SAMOS  |e 19941103  |h 512.2 GRO  |p 005300008202  |q 005300008202  |t BK  |y 0 
909 |a Σ  |b 029026